Súčasný stav a ďalšie smery chovu hovädzieho dobytka

Podrobná bibliografia
Hlavný autor: Kovalčík, Kornel, 1926- (Autor)
Médium: Článok
Jazyk:slovenčina
Fyzický popis:Tb. 3.
Predmet:

MARC

LEADER 00000nab a2200000 a 4500
001 vtls000333984
003 SK-MaSNL
005 20260303183831.0
008 150602c1988 xo 0 slo
015 |a SNBRB19rr/mm-uuuuu 
035 |a CL0334106 
040 |a SNKBUCL  |b slo  |c SNKBUCL  |e AACR2 
041 0 |a slo 
044 |a xo  |c SK 
080 |a 636.22/.28.08  |2 1981 
100 1 |a Kovalčík, Kornel,  |d 1926-  |4 aut  |9 449215 
245 1 0 |a Súčasný stav a ďalšie smery chovu hovädzieho dobytka  |c Kornel Kovalčík 
300 |b Tb. 3. 
650 0 7 |a hovädzí dobytok  |2 snkbucl  |9 2818 
655 7 |a články z novín a časopisov  |2 snkbucl  |9 267496 
773 0 |t Technická práca  |g Roč. 40, č. 7 (1988), s. 17-19 
850 |a Slovenská národná knižnica v Martine  |a MTA001 
852 |a SNK  |b KIS3GCP 
958 |a RK 
992 |a RBX 
999 |c 2123384  |d 2125314